Codes 10 - SADoJ - Statistiques

Statistiques générales
  • Ce quiz a été pris 3 fois
  • Le résultat moyen est 3 sur 36
Statistiques - réponses
Hint Réponse % Correct
10-4 Bien reçu
100%
10-10 Fin de service
67%
10-8 Prise de service
67%
10-19 Retour au poste
33%
10-52 Accident avec blessés
0%
10-50 Accident de la circulation
0%
10-33 AirOps en route
0%
10-34 Altercation
0%
10-99 Appel d'urgence à toutes les unités
0%
10-97 Arrivé sur les lieux
0%
10-71 Besoin d'un superviseur
0%
10-21 Contactez par téléphone
0%
10-86 Contrôle routier
0%
11-85 Demande dépanneuse
0%
10-35 Demande de renfort
0%
10-28 Demande d'information sur un véhicule
0%
11-41 Demande EMS
0%
10-15 En route avec un suspect
0%
10-14 Escorte
0%
10-98 Évasion de prison
0%
10-7 Fin de service temporaire
0%
10-37 Fouille d'un véhicule
0%
10-89 Fusillade
0%
10-22 Ignorez le dernier message
0%
10-32 Individu recherché
0%
10-20 Localisation
0%
10-6 Occupé
0%
10-11 Parlez plus lentement
0%
10-80 Poursuite en cours
0%
10-9 Répéter
0%
10-53 Route bloquée
0%
10-12 Se rend sur les lieux
0%
10-23 Stand-by
0%
10-26 Sujet placé en détention
0%
10-31 Tentative de suicide
0%
10-29 Vérification identité
0%
Aucun quiz correspondant
Distribution des résultats
% des personnes avec chaque résultat
Percentile par nombre de réponses
Votre historique - résultats
Vous n’avez pas pris ce quiz